000 01906naa a2200289 4500
005 20110810145620.0
010 _aENG-103340 B-459127-131
020 _c300.00
_a9788175414532
035 _aEN-86873 B-459127-131
037 _bDBAD/PUB
037 _bAllied Pub/Ven
082 _a181.112
100 _aKorab -Karpowicz, W.Julian
_947344
245 1 _aLove and wisdom :
_cW.Julian Korab -Karpowicz
_btowards a new philosophy of life /
260 _aNew Delhi
_bShipra Publications
_c2011
270 _aLG-18.19, Pankaj Central Market, Patpar Ganj
_bNew Delhi
_e110092
300 _axvi,125p.
_c22cm(Hb)
700 1 _925924
942 _adpl
_cEN
_2ddc
_mKOR
_h181.112
999 _c55307
_d55307